Appeal time to be cut (Record no. 118458)

MARC details
000 -LEADER
fixed length control field 01109cam a2200229 4500
001 - CONTROL NUMBER
control field WB@3612-634
008 - FIXED-LENGTH DATA ELEMENTS--GENERAL INFORMATION
fixed length control field 041216n2004 000 0 eng u
035 ## - SYSTEM CONTROL NUMBER
System control number (Sirsi) u128337
245 ## - TITLE STATEMENT
Title Appeal time to be cut
260 ## - PUBLICATION, DISTRIBUTION, ETC.
Date of publication, distribution, etc. 2004
490 ## - SERIES STATEMENT
Series statement ODPM News Release
Volume/sequential designation (2004/0317) 16 December 2004 (2)
520 ## - SUMMARY, ETC.
Summary, etc. A package of measures to help end the backlog in planning appeals has been launched by the Planning Minister. They include an extra £1m for the Planning Inspectorate and extending the time period in which someone can appeal from three months to six months. Also included is a package of measures which changes the target time for local authorities to process large applications. At the moment councils have eight weeks to process these applications and this will increase to 13 weeks. http://www.odpm.gov.uk/pns/displaypn.cgi?pn_id=200 4_0317
590 ## - LOCAL NOTE (RLIN)
Local note WB
590 ## - LOCAL NOTE (RLIN)
Local note WB
650 ## - SUBJECT ADDED ENTRY--TOPICAL TERM
Topical term or geographic name entry element PLANNING APPEALS
650 ## - SUBJECT ADDED ENTRY--TOPICAL TERM
Topical term or geographic name entry element PLANNING APPLICATIONS
650 ## - SUBJECT ADDED ENTRY--TOPICAL TERM
Topical term or geographic name entry element PLANNING DECISIONS
650 ## - SUBJECT ADDED ENTRY--TOPICAL TERM
Topical term or geographic name entry element LOCAL AUTHORITIES
650 ## - SUBJECT ADDED ENTRY--TOPICAL TERM
Topical term or geographic name entry element PLANNING PROCEDURE
690 ## - LOCAL SUBJECT ADDED ENTRY--TOPICAL TERM (OCLC, RLIN)
Topical term or geographic name as entry element PLANNING
942 ## - ADDED ENTRY ELEMENTS (KOHA)
Suppress in OPAC 0
Holdings
Withdrawn status Lost status Source of classification or shelving scheme Damaged status Not for loan Home library Current library Shelving location Date acquired Total Checkouts Full call number Barcode Date last seen Copy number Price effective from Koha item type
    Other/Generic Classification Scheme     London London RICS Boxes 16/12/2004   WB@3612-634 128337-1001 06/08/2019 1 06/08/2019 Book